[Event "SWE-chT 0607"]
[Site "Sweden"]
[Date "2007.03.16"]
[Round "9"]
[White "Astrom, Goran"]
[Black "Hector, Jonny"]
[Result "0-1"]
[WhiteElo "2300"]
[BlackElo "2638"]
[PlyCount "70"]
[EventDate "2006.10.20"]
[EventType "team"]
[EventRounds "11"]
[EventCountry "SWE"]
[SourceTitle "EXT 2009"]
[Source "ChessBase"]
[SourceDate "2008.11.26"]
[SourceVersion "1"]
[SourceVersionDate "2008.11.26"]
[SourceQuality "1"]
[WhiteTeam "Wasa"]
[BlackTeam "Limhamn"]
[WhiteTeamCountry "SWE"]
[BlackTeamCountry "SWE"]

1. e4 e5 2. Nf3 Nc6 3. Bb5 a6 4. Ba4 Nf6 5. 0-0 Bc5 6. d3 d6 7. c3 Ba7 8. Re1 0-0 9. h3 Ne7 10. Nbd2 Ng6 11. Nf1 Nh5 12. d4 Nhf4 13. Ng3 h6 14. Be3 Qf6 15. Kh1 Rd8 16. Bc2 c6 17. Nf5 Nd5 18. exd5 Bxf5 19. dxc6 bxc6 20. dxe5 dxe5 21. Qb1 Bb8 22. Be4 Qe6 23. Kg1 Bxe4 24. Qxe4 f5 25. Qc2 Bc7 26. Qb3 Rd5 27. Rad1 Rb8 28. Qc2 Rbd8 29. b3 e4 30. Rxd5 Qxd5 31. Nh2 Ne5 32. Nf1 Nd3 33. Re2 f4 34. Bc1 Bb6 35. Nd2 Nxf2 0-1

[Event "SWE-chT 0607"]
[Site "Sweden"]
[Date "2007.02.10"]
[Round "7"]
[White "Astrom, Goran"]
[Black "Norberg, Erik"]
[Result "1/2-1/2"]
[WhiteElo "2300"]
[BlackElo "2262"]
[PlyCount "82"]
[EventDate "2006.10.20"]
[EventType "team"]
[EventRounds "11"]
[EventCountry "SWE"]
[SourceTitle "EXT 2009"]
[Source "ChessBase"]
[SourceDate "2008.11.26"]
[SourceVersion "1"]
[SourceVersionDate "2008.11.26"]
[SourceQuality "1"]
[WhiteTeam "Wasa"]
[BlackTeam "Vasteras"]
[WhiteTeamCountry "SWE"]
[BlackTeamCountry "SWE"]

1. e4 g6 2. d4 Bg7 3. Nf3 d6 4. Be2 Nf6 5. Nc3 0-0 6. 0-0 c6 7. a4 Qc7 8. h3 e5 9. dxe5 dxe5 10. Bc4 Nbd7 11. Be3 b6 12. Qe2 Bb7 13. Rfd1 a6 14. Nd2 b5 15. Bd3 Rfd8 16. Nb3 Bf8 17. f3 Nh5 18. axb5 axb5 19. Qf2 Nf4 20. Bf1 Ne6 21. Kh1 b4 22. Na4 c5 23. Bc4 Nd4 24. Bg5 Rdc8 25. Nxd4 cxd4 26. b3 Ra5 27. Nb2 Rca8 28. Qf1 Ra2 29. Rxa2 Rxa2 30. Rb1 Nb6 31. Bd3 Nd7 32. Bd2 Nc5 33. Bc4 Bd6 34. Qe1 Qb6 35. Qc1 Qa5 36. Qe1 Nd7 37. Bd3 Ba6 38. Bxa6 Qxa6 39. Qc1 Be7 40. Nc4 Qb5 41. Ra1 Qa6 1/2-1/2

[Event "SWE-chT 0607"]
[Site "Sweden"]
[Date "2007.01.20"]
[Round "6"]
[White "Lund, Silas Esben"]
[Black "Astrom, Goran"]
[Result "1-0"]
[WhiteElo "2353"]
[BlackElo "2300"]
[PlyCount "113"]
[EventDate "2006.10.20"]
[EventType "team"]
[EventRounds "11"]
[EventCountry "SWE"]
[SourceTitle "EXT 2009"]
[Source "ChessBase"]
[SourceDate "2008.11.26"]
[SourceVersion "1"]
[SourceVersionDate "2008.11.26"]
[SourceQuality "1"]
[WhiteTeam "Lund"]
[BlackTeam "Wasa"]
[WhiteTeamCountry "SWE"]
[BlackTeamCountry "SWE"]

1. d4 Nf6 2. c4 e6 3. Nc3 Bb4 4. e3 c5 5. Bd3 Nc6 6. Nf3 Bxc3+ 7. bxc3 d6 8. e4 e5 9. d5 Ne7 10. Nh4 h6 11. f4 exf4 12. Bxf4 Ng4 13. Nf5 Bxf5 14. exf5 Ne5 15. f6 gxf6 16. 0-0 N7g6 17. Bxg6 fxg6 18. Bxe5 dxe5 19. Qb1 f5 20. Qxb7 0-0 21. d6 Qxd6 22. Rad1 Qf6 23. Rd7 Rad8 24. Rfd1 Rxd7 25. Rxd7 e4 26. Qd5+ Rf7 27. Rxa7 Kg7 28. Rxf7+ Qxf7 29. Qxc5 Qb7 30. Qe5+ Kh7 31. h3 Qb1+ 32. Kh2 Qd3 33. c5 e3 34. c6 e2 35. Qe7+ Kg8 36. c7 Qxc3 37. Qd8+ Kh7 38. Qd7+ Qg7 39. c8Q e1Q 40. Qcc7 Qxd7 41. Qxd7+ Kg8 42. Qd5+ Kg7 43. a4 Qc3 44. a5 f4 45. Qb7+ Kf6 46. Qb6+ Kf5 47. a6 Qg3+ 48. Kh1 Qe1+ 49. Qg1 Qa5 50. a7 g5 51. Qb1+ Kf6 52. Qb2+ Kg6 53. Qc2+ Kg7 54. Qf2 Qa1+ 55. Kh2 Qa3 56. Qd4+ Kf7 57. Qe4 1-0

[Event "SWE-chT 0506"]
[Site "Sweden"]
[Date "2006.??.??"]
[Round "9"]
[White "Sagit, Rauan"]
[Black "Astrom, Goran"]
[Result "0-1"]
[WhiteElo "2328"]
[BlackElo "2346"]
[PlyCount "60"]
[EventDate "2005.10.??"]
[EventType "team"]
[EventRounds "11"]
[EventCountry "SWE"]
[SourceTitle "EXT 2008"]
[Source "ChessBase"]
[SourceDate "2007.11.25"]
[SourceVersion "1"]
[SourceVersionDate "2007.11.25"]
[SourceQuality "1"]
[WhiteTeam "Manhem"]
[BlackTeam "Wasa"]
[WhiteTeamCountry "SWE"]
[BlackTeamCountry "SWE"]

1. e4 c5 2. Nf3 e6 3. d4 cxd4 4. Nxd4 a6 5. Bd3 Bc5 6. Nb3 Be7 7. Qg4 g6 8. Qe2 d6 9. 0-0 Nd7 10. Na3 Ne5 11. Bd2 Nf6 12. Nc4 Nxc4 13. Bxc4 0-0 14. Rfd1 Qc7 15. Bd3 b6 16. c4 Bb7 17. Rac1 Rfe8 18. Nd4 Nd7 19. b4 Rac8 20. Qe3 Qb8 21. Bf1 Bf6 22. Nb3 d5 23. cxd5 exd5 24. Qh3 Rcd8 25. exd5 Bxd5 26. Bh6 Be6 27. Qf3 Bb2 28. Rc2 Ne5 29. Qf6 Ng4 30. Qxb2 Qxh2# 0-1

[Event "SWE-chT 0506"]
[Site "Sweden"]
[Date "2006.??.??"]
[Round "11"]
[White "Wengholm, Anders"]
[Black "Astrom, Goran"]
[Result "1/2-1/2"]
[WhiteElo "2261"]
[BlackElo "2346"]
[PlyCount "82"]
[EventDate "2005.10.??"]
[EventType "team"]
[EventRounds "11"]
[EventCountry "SWE"]
[SourceTitle "EXT 2008"]
[Source "ChessBase"]
[SourceDate "2007.11.25"]
[SourceVersion "1"]
[SourceVersionDate "2007.11.25"]
[SourceQuality "1"]
[WhiteTeam "Kamraterna"]
[BlackTeam "Wasa"]
[WhiteTeamCountry "SWE"]
[BlackTeamCountry "SWE"]

1. Nf3 c5 2. c4 Nf6 3. Nc3 e6 4. g3 b6 5. Bg2 Bb7 6. 0-0 Be7 7. Re1 d5 8. cxd5 Nxd5 9. e4 Nb4 10. d4 cxd4 11. Nxd4 N8c6 12. Nxc6 Nxc6 13. e5 Qxd1 14. Rxd1 Rd8 15. Be3 0-0 16. Nb5 Bc5 17. Bxc5 bxc5 18. Nxa7 Nd4 19. Bxb7 Rd7 20. Be4 Rxa7 21. Kf1 Rb8 22. b3 f5 23. exf6 gxf6 24. g4 Rb5 25. Rac1 Rxa2 26. b4 Rxb4 27. Rxc5 Ra7 28. Bd3 Kg7 29. Bc4 e5 30. Rd3 Rb1+ 31. Kg2 Ne2 32. Rd8 Nf4+ 33. Kf3 Re1 34. g5 Ra3+ 35. Kg4 Rg1+ 36. Kf5 Rxg5+ 37. Ke4 Ra7 38. Rc6 Rg6 39. Kf5 Rg5+ 40. Ke4 Rg6 41. Kf5 Rg5+ 1/2-1/2